| 000 | 00389nam a22001457a 4500 | ||
|---|---|---|---|
| 999 |
_c9085 _d9085 |
||
| 003 | GBCCL | ||
| 005 | 20241126110705.0 | ||
| 008 | 220405b ||||| |||| 00| 0 eng d | ||
| 040 | _cgbc | ||
| 082 |
_aARCH GBC-2021 _bLIA |
||
| 245 | _aA study on the nature of suffering in the book of Job | ||
| 260 |
_aNew Lamka: _bGrace Bible College, _c2021 |
||
| 300 | _aviii, 63p. ; | ||
| 942 |
_2ddc _cTH |
||